La fiebre amarilla en el interior de Colombia (Registro nro. 303875)
[ vista simple ]
| 000 -ENCABEZADO | |
|---|---|
| Número de control [NR] | 01790nam a2200229 4500 |
| 005 - FECHA Y HORA DE LA ÚLTIMA TRANSACCIÓN | |
| control field | 20160901145623.0 |
| 008 - DE LONGITUD FIJA DE DATOS DE ELEMENTOS - INFORMACIÓN GENERAL | |
| Elementos de longitud fija [NR] | 160728s1891 co |||fr|||| 001 0 spa d |
| 040 ## - FUENTE DE CATALOGACION [NR] | |
| Agencia de catalogación original [NR] | CO-BoUCM |
| Idioma de catalogación [NR] | spa |
| Quien Cataloga | Sandra Yazo |
| Quien Clasifica | Sandra Yazo |
| 041 0# - CODIGO DE IDIOMA [R] | |
| Código de idioma para texto/pista de sonido o título separado [R] | Español |
| 082 04 - NUMERO DE CLASIFICACION DECIMAL DEWEY [R] | |
| Número de la edición [NR] | 20 |
| Número de clasificación [R] | 614.541 |
| 092 ## - SIGNATURA TOPOGRAFICA LOCAL | |
| Número de clasificación local | E40N107 |
| 100 1# - ASIENTO PRINCIPAL--NOMBRE PERSONAL [NR] | |
| Nombre personal [NR] | Cuervo Márquez, Luis |
| Fechas asociadas con el nombre [NR] | 1863-1941 |
| ID Autoridad | 78389 |
| 245 10 - MENCION DE TITULO [NR] | |
| Título [NR] | La fiebre amarilla en el interior de Colombia |
| Parte restante del título [NR] | Epidemía de Cucuta - Fiebre del Magdalena. Contribución a la patología de los países cálidos |
| Mención de responsabilidad, etc. [NR] | por ... Luis Cuevo Márquez |
| 260 ## - PUBLICACION, DISTRIBUCION, ETC. (PIE DE IMPRENTA) [R] | |
| Lugar de publicación, distribución, etc. [R] | Curazao |
| Nombre del editor, distribuidor, etc. [R] | Imprenta de la libertad de A. Betrencourt e hijos |
| Fecha de publicación, distribución, etc. [R] | 1891 |
| 300 ## - DESCRIPCION FISICA [R] | |
| Extensión [R] | 380, iv páginas |
| Dimensiones [R] | 23 x 16 cm |
| 500 ## - NOTA GENERAL [R] | |
| Nota general [NR] | Detalles físicos: Encuadernación rígida en cartón forrado en papel, lomo en tela con adornos repujados y en dorado. Tapas con raspaduras y desgaste en puntas. Guardas decoradas, la delantera con una anotación manuscrita. Portada impresa en una sola tinta. Texto impreso en una sola columna. Notas al pie de página. Cortes pintados. Papel manchado. Perteneció a la biblioteca de Mons. Rafael María Carrasquilla |
| 505 0# - NOTA DE CONTENIDO CON FORMATO PREESTABLECIDO [R] | |
| Nota de contenido con formato preestablecido [NR] | Advertencia ; Introducción ; Epidemia de Cúcuta: Geografía médica ; Historia ; Etiología ; Descripción clínica ; síntomas en particular ; Anatomía patológica ; Fisiología patológica ; Diagnóstico ; Pronóstico ; Inoculación ; Tratamiento -- Epidemia del Magdalena: Geografía médica ; Limitación de la entidad ; Historia: Marcha de la fiebre ; Descripción: unidad de la fiebre ; Naturaleza amarilla -- Conclusiones: Históricas ; Epidemiológicas ; Anátomo – Patológicas ; Profilácticas ; terapeuticas |
| 506 ## - NOTA DE RESTRICCIONES DE ACCESO [R] | |
| Condiciones de acceso [NR] | Consulta en sala |
| 650 #7 - ASIENTO SECUNDARIO DE MATERIA - TERMINO TEMATICO [R] | |
| 9 (RLIN) | 15695 |
| Término temático o nombre geográfico como elemento de entrada [NR] | Fiebre amarilla |
| Subdivisión geográfica [R] | Colombia |
| 690 ## - ASUNTO AGREGADO LOCAL DE ENTRADA - TÉRMINO TEMÁTICO (OCLC, RLIN) | |
| Acceso temático local | Medicina general |
| 9 (RLIN) | 19160 |
| 942 ## - ELEMENTOS DE ENTRADA AGREGADOS (KOHA) | |
| Sistema de clasificación | LOCAL |
| Tipo de ítem principal el descrito en 300a | Libro |
| Edición | 1 |
| Clasificación | E40N107 |
| Suprimido | Perdido | Sistema de clasificación | Dañado | No prestable | Tipo de ítem específico | Ubicación habitual | Ubicación actual | Localización | Fecha de creación | Forma de adquisición | Costo | Total préstamos | Signatura topográfica | Código de barras | Última vez visto | Ejemplar | Price effective from | Tipo de ítem |
|---|---|---|---|---|---|---|---|---|---|---|---|---|---|---|---|---|---|---|
| LOCAL | Libro archivo | Archivo Histórico | Archivo Histórico | Archivo histórico | 28/07/2016 | Donación | 0.00 | E40N107 | L005797 | 28/07/2016 | Ej.1 | 28/07/2016 | Libro |